Pengajaran pakar

Bibliographic Details
Main Author: Turner-Bisset, Rosie
Other Authors: Mohd Yaacob
Format: Book
Published: Kuala Lumpur : ITNM , 2007
Series:Siri pembangunan profesion perguruan
Subjects:

MARC

LEADER 00000cam a2200000 7i4500
001 0000024218
005 20081210.0
008 081210
020 |a 9830681580 
090 0 0 |a 371.102   |b TUR 
100 1 |a Turner-Bisset, Rosie 
245 1 0 |a Pengajaran pakar   |c Rosie Turner-Bisset ; penterjemah Mohd Yaacob 
260 |a Kuala Lumpur :   |b ITNM ,   |c 2007 
440 |a Siri pembangunan profesion perguruan 
650 0 |a Affective education 
650 0 |a Effective teaching 
650 0 |a Teaching   |x Methodology 
700 0 |a Mohd Yaacob 
999 |a 0001025162   |b Book   |c Adult Collection   |e Perbadanan Perpustakaan Awam Johor